Using construction extranets (Record no. 65326)
[ view plain ]
| 000 -LEADER | |
|---|---|
| fixed length control field | 01678cam a2200277 4500 |
| 001 - CONTROL NUMBER | |
| control field | ABS63174 |
| 008 - FIXED-LENGTH DATA ELEMENTS--GENERAL INFORMATION | |
| fixed length control field | 000000n2000 000 0 eng u |
| 035 ## - SYSTEM CONTROL NUMBER | |
| System control number | (Sirsi) u109438 |
| 100 ## - MAIN ENTRY--PERSONAL NAME | |
| Personal name | Roberts, P |
| 245 ## - TITLE STATEMENT | |
| Title | Using construction extranets |
| 260 ## - PUBLICATION, DISTRIBUTION, ETC. | |
| Date of publication, distribution, etc. | 2000 |
| 490 ## - SERIES STATEMENT | |
| Series statement | Facilities Management |
| Volume/sequential designation | 8(2) November 2000, 26(1) |
| 520 ## - SUMMARY, ETC. | |
| Summary, etc. | Looks at how construction extranets can overcome the problems faced by facilities managers during construction project handover. Facilities managers often struggle with insufficient information about the systems and procedures built into newly finished buildings. Construction extranets can considerably improve the flow of information, with shareware packages that enable users to view technical drawings irrespective of the format they were prepared in. Outlines the variety of contruction extranets available, with particular refence to www.buzzsaw.com and www.bidcom.com. In project delivery, a key advantage of using extranets is productivity and cost savings. Other benefits include access to general construction market information, building product manufacturing data, and end-user participation via online discussion groups. List of construction extranet websites, general information websites, and online discussion forum websites. |
| 590 ## - LOCAL NOTE (RLIN) | |
| Local note | ABS |
| 650 ## - SUBJECT ADDED ENTRY--TOPICAL TERM | |
| Topical term or geographic name entry element | EXTRANETS |
| 650 ## - SUBJECT ADDED ENTRY--TOPICAL TERM | |
| Topical term or geographic name entry element | MANAGEMENT-PROJECT MANAGEMENT |
| 650 ## - SUBJECT ADDED ENTRY--TOPICAL TERM | |
| Topical term or geographic name entry element | COMMUNICATION |
| 650 ## - SUBJECT ADDED ENTRY--TOPICAL TERM | |
| Topical term or geographic name entry element | CONSTRUCTION PROJECTS |
| 650 ## - SUBJECT ADDED ENTRY--TOPICAL TERM | |
| Topical term or geographic name entry element | WEBSITES |
| 650 ## - SUBJECT ADDED ENTRY--TOPICAL TERM | |
| Topical term or geographic name entry element | PROJECT HANDOVER |
| 650 ## - SUBJECT ADDED ENTRY--TOPICAL TERM | |
| Topical term or geographic name entry element | FACILITIES MANAGEMENT |
| 9 (RLIN) | 6240 |
| 650 ## - SUBJECT ADDED ENTRY--TOPICAL TERM | |
| Topical term or geographic name entry element | FACILITIES MANAGERS |
| 650 ## - SUBJECT ADDED ENTRY--TOPICAL TERM | |
| Topical term or geographic name entry element | BEST PRACTICE |
| 690 ## - LOCAL SUBJECT ADDED ENTRY--TOPICAL TERM (OCLC, RLIN) | |
| Topical term or geographic name as entry element | INFORMATION TECHNOLOGY-INTERNET |
| 942 ## - ADDED ENTRY ELEMENTS (KOHA) | |
| Suppress in OPAC | 0 |
| Withdrawn status | Lost status | Source of classification or shelving scheme | Damaged status | Not for loan | Home library | Current library | Shelving location | Date acquired | Total Checkouts | Full call number | Barcode | Date last seen | Copy number | Price effective from | Koha item type |
|---|---|---|---|---|---|---|---|---|---|---|---|---|---|---|---|
| Dewey Decimal Classification | London | London | Journal article | 22/11/2000 | ABS63174 | 109438-1001 | 06/08/2019 | 1 | 06/08/2019 | Journal article |